| 000 | 01082cam a2200349 i 4500 | ||
|---|---|---|---|
| 001 | 200462712 | ||
| 003 | TR-AnTOB | ||
| 005 | 20241008171540.0 | ||
| 007 | ta | ||
| 008 | 241008s1999 tu b f000 0 tur d | ||
| 010 | _a 99904324 | ||
| 020 | _a9754091323 | ||
| 035 | _a(DLC) 99904324 | ||
| 040 |
_aDLC _beng _erda _cDLC _dTR-AnTOB |
||
| 041 | 0 | _atur | |
| 050 | 0 | 0 |
_aDR46 _b.B345 1999 |
| 090 |
_aDR46 _b.B345 1999 |
||
| 245 | 0 | 0 | _aBalkan Harbi kronolojisi. |
| 264 | 1 |
_aAnkara : _bGenelkurmay Basım Evi, _c1999. |
|
| 300 |
_axi, 142 pages ; _c25 cm |
||
| 336 |
_atext _btxt _2rdacontent |
||
| 337 |
_aunmediated _bn _2rdamedia |
||
| 338 |
_avolume _bnc _2rdacarrier |
||
| 490 | 0 |
_aGenelkurmay basımevi yayın numarası ; _v99/22 |
|
| 504 | _aBIB | ||
| 651 | 7 |
_aBalkan Yarımadası _xTarih _y1912-1913 Savaşı _2etuturkob _947420 |
|
| 651 | 7 |
_aTürkiye _xTarih _yMehmed V, 1909-1918 _2etuturkob _920755 |
|
| 710 | 1 |
_aTurkey. _bAskeri Tarih ve Stratejik Etüt Başkanlığı. _938089 |
|
| 942 |
_2lcc _cBK |
||
| 999 |
_c200462712 _d80924 |
||